000 00369nam a22001457a 4500
003 OSt
008 250611b |||||||| |||| 00| 0 eng d
020 _a9789386956910
100 _aSWAMI, Prabhupada
245 _aSrimadbhagabatam Canto 10 Bhag 3
260 _aMumbai
_b The Bhaktivedanta Book Trust
_c2020
300 _a645
650 _aGeneral
942 _2ddc
_cBK
999 _c13658
_d13658